| 000 | 01016cad a22002175a 4500 | ||
|---|---|---|---|
| 001 | L153996 | ||
| 008 | 111003s2011 xxk f 100 0 eng d | ||
| 035 | _a(Sirsi) u153996 | ||
| 041 | 0 | _aeng | |
| 110 | 2 |
_aBuilding Cost Information Service _91096 |
|
| 245 | 0 | 0 |
_aRICS 2011 building information modelling survey report _h[electronic resource] |
| 260 |
_aLondon _bRICS _c2011 |
||
| 520 | _aThis survey, carried out in April 2011 by BCIS for the RICS BIM Steering Group, confirms the lack of awareness among members and highlights that many members would value building information modelling guidance and training. The report establishes a benchmark for the profession to assess the impact and development of a new way of working. | ||
| 590 | _aKA | ||
| 650 | 2 | 4 | _aBUILDING INFORMATION MODELLING |
| 650 | 2 | 4 |
_aBIM _96219 |
| 651 | 4 |
_aUnited Kingdom _y |
|
| 690 |
_aBIM _96219 |
||
| 856 | 4 | 0 |
_uhttps://www.rics.org/Global/RICS_2011_BIM_Survey_Report.pdf _zView the item free of charge at www.bcis.co.uk |
| 942 | _n0 | ||
| 999 |
_c112800 _d112800 |
||